LEADER 01221nam a2200289 4500 001 000000362246 003 CaOOAMICUS 005 20250327161249.0 008 250321s2000 it 000 u ita r 020 $a88-430-1202-9 040 $aSeMil$bita 100 1 $aSola, Giorgio,$d<1946-2007>.$0(OLS)http://semarc/name/6183 245 10$aStoria della scienza politica :$bteorie, ricerche e paradigmi contemporanei /$cGiorgio Sola. 250 $a3. rist. 264 1$aRoma :$bCarocci,$c2000. 300 $a895 p. ;$c22 cm 490 1 $aUniversitą ;$v74 650 4$aScienza politica - Storia.$0(OLS)http://semarc/subject/3240 650 4$aPolitica - Storia.$0(OLS)http://semarc/subject/4168 830 0$aUniversitą ;$v74.$0(OLS)http://semarc/title/431663 850 $aSeMil 852 $aSeMil$W1$xVenegono$y1$m3N III 698$j255479$B253170$CSeMilBibl$Z2$F253170 $81 961 $aBuzzi mons. Franco - Omaggio 996 $6020$a88-430-1202-9$9(OLS)http://semarc/number/302828 996 $6245$aStoria della scienza politica :$bteorie, ricerche e paradigmi contemporanei$9(OLS)http://semarc/title/453131 996 $6264$aRoma :$bCarocci$9(OLS)http://semarc/publisher/31977 LEADER 01424nam a2200313 i 4500 001 000000358925 003 CaOOAMICUS 005 20240717102657.0 008 240717s2004 it u000 u ita u 020 $a978-88-8057-202-2 040 $aSeMil$bita 100 1 $aSteinsaltz, Adin,$d<1937-2020>.$0(OLS)http://semarc/name/47625 240 10$aHa-Talmū? la-kol.$0(OLS)http://semarc/title/449324 245 10$aCos'č il Talmłd /$cAdin Steinsaltz ; edizione italiana a cura di Sandro Servi : traduzione dall'ebraico di Sandro Servi e Daniele Liberanome. 264 1$aFirenze :$bGiuntina,$c2004 (stampa 2010) 264 1$aFirenze :$bGiuntina,$c2004. 300 $a372 p. ;$c20 cm 490 1 $aSchulim vogelmann ;$v120 650 4$aTalmud.$0(OLS)http://semarc/subject/8809 700 1 $aLiberanome, Daniele.$0(OLS)http://semarc/name/119959 700 1 $aServi, Sandro.$0(OLS)http://semarc/name/119958 830 0$aSchulim Vogelmann ;$v120.$0(OLS)http://semarc/title/11273 850 $aSeMil 852 $aSeMil$W1$xVenegono$y1$m2R I 130$j249380$B249987$CSeMilBibl$Z2$F249987 $81 996 $6020$a978-88-8057-202-2$9(OLS)http://semarc/number/300702 996 $6245$aCos'č il Talmłd$9(OLS)http://semarc/title/449325 996 $6264$aFirenze :$bGiuntina$9(OLS)http://semarc/publisher/31954 996 $6264$aFirenze :$bGiuntina$9(OLS)http://semarc/publisher/31954